000
00282nam a22001337a 4500
003
SGT
020
_a
9789392787133
082
_a
615.53,SAV
100
_a
SAVANUR PRASANNA
245
_a
A HANDBOOK OF AYURVEDA
260
_a
NEW DELHI
_b
SSB
_c
2022
300
_a
276
942
_2
ddc
_c
BK
999
_c
32170
_d
32170